| 000 | 01111nam a22002535a 4500 | ||
|---|---|---|---|
| 003 | OSt | ||
| 005 | 20161215120839.0 | ||
| 008 | 161215s2006 ua frb 000 0 ara d | ||
| 015 | _a2006/23959 | ||
| 020 | _a9770451134 | ||
| 040 |
_aEG-ScBUE _bara _cEG-ScBUE |
||
| 043 | _af-ua--- | ||
| 082 | 0 | 4 |
_a344.62053208623 _bع ب د _222 |
| 100 | 1 | _aعبد الحليم، سلامة عبد التواب. | |
| 245 | 1 | 2 |
_aالحماية الاجتماعية للعمال ضحايا الإرهاب : _bدراسة تحليلية في ضوء قانون التأمين الاجتماعي رقم 79 لسنة 1975 / _cسلامة عبد التواب عبد الحليم. |
| 260 |
_aالقاهرة : _bدار النهضة العربية، _c2006. |
||
| 300 |
_a166 ص. ؛ _c24 سم. |
||
| 504 | _aيشتمل على إرجاعات ببليوجرافية. | ||
| 650 | 7 |
_aالتأمين الاجتماعي _xقوانين وتشريعات _zمصر. _2BUEsh _920366 |
|
| 650 | 7 |
_aالعمل والعمال _xقوانين وتشريعات _zمصر. _2BUEsh _910938 |
|
| 651 | _2BUEsh | ||
| 653 |
_bLLAAWW _cDecember2016 |
||
| 942 | _2ddc | ||
| 999 |
_c23581 _d23553 |
||